书目信息 |
| 题名: |
大唐玄宗时代
|
|
| 作者: | 赵剑敏 著 | |
| 分册: | ||
| 出版信息: | 北京 中国人民大学出版社 2007 |
|
| 页数: | 268页 | |
| 开本: | 23cm | |
| 丛书名: | 朗朗书房 | |
| 单 册: | ||
| 中图分类: | K242.09 | |
| 科图分类: | ||
| 主题词: | ||
| 电子资源: | ||
| ISBN: | 978-7-300-08593-7 | |
| 000 | 00902oam2 2200277 450 | |
| 001 | 012004188267 | |
| 005 | 20080226142230.03 | |
| 009 | 012004188267 | |
| 010 | @a978-7-300-08593-7@dCNY22.80 | |
| 035 | @a(110019)012007053927 | |
| 100 | @a20071116d2007 em y0chiy0110 ea | |
| 101 | 0 | @achi |
| 102 | @aCN@b110000 | |
| 105 | @ay z 000yd | |
| 106 | @ar | |
| 200 | 1 | @a大唐玄宗时代@Ada tang xuan zong shi dai@f赵剑敏著 |
| 210 | @a北京@c中国人民大学出版社@d2007 | |
| 215 | @a268页@d23cm | |
| 225 | 2 | @a朗朗书房@i历史新阅读@v7 |
| 330 | @a本书叙述了一代明皇李隆基由英武开明转向昏聩暗弱的蜕变轨迹,描绘了开元盛世、物华天宝的繁荣景象,分析了唐玄宗的政治品格,以及晚年安史之乱前后的复杂形势. | |
| 462 | 0 | @12001 @a历史新阅读@v7 |
| 607 | @a中国@x古代史@z唐代@j通俗读物 | |
| 690 | @aK242.09@v4 | |
| 701 | 0 | @a赵剑敏@Azhao jian min@4著 |
| 801 | 0 | @aCN@b110019@c20080226 |
| 905 | @dK242.09@e19@f10 | |
| 大唐玄宗时代/赵剑敏著.-北京:中国人民大学出版社,2007 |
| 268页;23cm.-(朗朗书房.历史新阅读;7) |
| ISBN 978-7-300-08593-7:CNY22.80 |
| 本书叙述了一代明皇李隆基由英武开明转向昏聩暗弱的蜕变轨迹,描绘了开元盛世、物华天宝的繁荣景象,分析了唐玄宗的政治品格,以及晚年安史之乱前后的复杂形势. |
| ● |
| 相关链接 |
|
|
|
|
正题名:大唐玄宗时代
索取号:K242.09/19
 
预约/预借
| 序号 | 登录号 | 条形码 | 馆藏地/架位号 | 状态 | 备注 |
| 1 | 0614952 | 206149522 | 第二样本阅览室/ [索取号:K242.09/19] | 在馆 | |
| 2 | 0614953 | 206149531 | 第二借阅区/ [索取号:K242.09/19] | 在馆 | |
| 3 | 0614954 | 206149540 | 第二借阅区/ [索取号:K242.09/19] | 在馆 | |
| 4 | 0614955 | 206149559 | 第二借阅区/ [索取号:K242.09/19] | 在馆 | |
| 5 | 0614956 | 206149568 | 第二借阅区/ [索取号:K242.09/19] | 在馆 | |
| 6 | 0614957 | 206149577 | 第二借阅区/ [索取号:K242.09/19] | 在馆 | |
| 7 | 0614958 | 206149586 | 第二借阅区/ [索取号:K242.09/19] | 在馆 | |
| 8 | 0614959 | 206149595 | 第二借阅区/ [索取号:K242.09/19] | 在馆 | |
| 9 | 0614960 | 206149602 | 第二借阅区/ [索取号:K242.09/19] | 在馆 | |
| 10 | 0614961 | 206149611 | 第二借阅区/ [索取号:K242.09/19] | 在馆 |